000
00290nam a22001337a 4500
008
170327b xxu||||| |||| 00| 0 eng d
020
_a
9780124259300
041
_a
eng
080
_a
61.5.83
100
_a
8
101
_a
SHM
245
_a
EMERGING INFECTIONS
_c
GALLIN.J.I
942
_2
udc
_c
BK
999
_c
8657
_d
8657